| 000 | 01045nam a2200301 i 4500 | ||
|---|---|---|---|
| 001 | 000018797 | ||
| 003 | DO-SdBNP | ||
| 005 | 20240305124751.0 | ||
| 007 | ta | ||
| 008 | 100519s2010 dr ac 000 0 spa d | ||
| 020 | _a9789945408317 | ||
| 040 |
_aDO-SdBNP _bspa _cBNPHU _erda |
||
| 041 | _hspa | ||
| 082 | 4 |
_a923.27293 _bM843c _222 |
|
| 100 | 1 |
_a Cruz Infante, José A., _q(José Abigail) _92460 |
|
| 245 | 1 | 0 |
_aAlfonso Moreno Martínez : _buna vida ejemplar / _cJosé Abigail Cruz Infante. |
| 264 |
_aSanto Domingo : _bArgos, _c2010. |
||
| 300 |
_a157 páginas : _bilustraciones y retratos ; _c22 cm. |
||
| 336 |
_2rdacontent _atexto _btxt |
||
| 337 |
_2rdamedia _asin mediación _bn |
||
| 338 |
_2rdacarrier _avolumen _bnc |
||
| 500 | _aIncluye datos biográficos del autor en la solapa de la cubierta | ||
| 590 | _aInventariado, 2023/BT | ||
| 600 | 1 | 0 |
_aMoreno Martínez, Alfonso, _d1922-1997 _940533 |
| 650 | 4 |
_aPolíticos _zRepública Dominicana _93019 _vBiografías |
|
| 910 | _aValidado. Control de calidad MFF | ||
| 942 |
_2ddc _cLBS1 |
||
| 999 |
_c18317 _d18317 |
||